000 00744nam a2200289Ia 4500
005 20260324112250.0
008 008 260324s9999 xx 000 0 eng d
020 _a9781003401032
037 _aEBOOK
040 _aCRL
040 _beng
040 _cCRL
041 _2eng
041 _aeng
084 _qCRL
100 _aDorota Ilczuk; Anna KarpiƄska; Emilia Cholewicka
_91141974
245 0 _aArtists Labour Market, Cultural Policy and Creative Economy
245 2 _bA Triangular Model in Poland
260 _bTaylor and Francis
260 _c2024
365 _a
365 _b83.99
856 _uhttp://www.taylorfrancis.com/books/9781003401032
942 _cEBOOK
999 _c1731119
_d1731119